| 000 | 00909nam a22002417a 4500 | ||
|---|---|---|---|
| 999 |
_c13172 _d13172 |
||
| 003 | MIRAKIL | ||
| 005 | 20190418122955.0 | ||
| 008 | 190418b tu ||||| |||| 00| 0 tur d | ||
| 020 | _a9786053325772 | ||
| 040 |
_aTR-AnCHP _cTR-AnCHP |
||
| 041 | _atur | ||
| 082 |
_a842.7 _bM87ş 2015 |
||
| 100 |
_aMusset, Alfred de _d1810-1857 |
||
| 245 | 1 | 0 |
_aŞamdancı / _cMusset, Alfred de ; Fransızca aslından çeviren: Bedrettin Tuncel , Sabahattin Eyüboğlu |
| 260 |
_aİstanbul : _bTürkiye İş Bankası Kültür Yayınları, _c2015. |
||
| 300 |
_a86 s. ; _c22 sm. |
||
| 490 | 0 |
_aTürkiye İş Bankası Kültür Yayınları ; _aHasan Âli Yücel klasikler dizisi ; _vGenel yayın : 3405. _x265. |
|
| 500 | _aÖzgün yapıtadı: Le chandelier. | ||
| 650 | 0 |
_95051 _aFransız Edebiyatı _xtiyatro |
|
| 700 |
_95638 _aTuncel, Bedrettin _eçev. |
||
| 700 | 1 |
_93362 _aEyuboğlu, Sabahattin _eçev. |
|
| 942 |
_2ddc _cBKS |
||